• 首页
  • 本馆介绍
  • 公告通知
  • 最新文献
  • 馆藏检索
  • 电子资源
  • 读者导购
  • 参考咨询
  • 我的图书馆
  • 登录
  • 详细信息显示
  • 放入我的书架
  • 预约/预借图书
  • 作者相关作品
  • 分类相关作品
  • 丛书相关作品
  • 出版社相关作品

书目信息

  • 表格格式
  • 工作单格式
  • 卡片格式
题名:
中国的惊雷
    
 
作者: 白修德 , 贾安娜 , 端纳 著
分册:  
出版信息: 北京   新华出版社  1988.2
页数: 381页
开本: 19cm
丛书名: 外国人看中国抗战
单 册:
中图分类: K269.5 , I712.5
科图分类:
主题词: 抗日战争--中国--史料 , 文学
电子资源:
ISBN: 7-5011-0112-4
000 00881oam2 2200313 450
001 1554853321
005 20150124152549.37
010    @a7-5011-0112-4@dCNY3.00
091    @a10203.231
100    @a20130329d1988 m y0chiy0110 ea
101 1  @achi@aeng
102    @aCN@b110000
105    @ay z 000yy
200 1  @a中国的惊雷@9zhong guo de jing lei@f(美)白修德,(美)贾安娜著@g端 纳译
210    @a北京@c新华出版社@d1988.2
215    @a381页@d19cm
225 2  @a外国人看中国抗战
300    @a本书又名:中国暴风雨
300    @a书名原名:Thunder out of china
461  0 @12001 @a外国人看中国抗战
606 0  @a抗日战争@y中国@x史料
606 0  @a文学
690    @aK269.5@v1980
690    @aI712.5@v4
701  0 @a白修德@9bai xiu de@4著
701  0 @a贾安娜@9jia an na@4著
701  0 @a端纳@9duan na@4译
801  0 @aCN@bTSSF@c20150124
905    @aZUCC@dI712.5@eJY1
    
    中国的惊雷/(美)白修德,(美)贾安娜著/端 纳译.-北京:新华出版社,1988.2
    381页;19cm.-(外国人看中国抗战)
    本书又名:中国暴风雨.-书名原名:Thunder out of china
    
    ISBN 7-5011-0112-4:CNY3.00
    
●
相关链接 在E读中查询图书 在五车中查询图书 在当当中查询图书 在豆瓣中查询图书


正题名:中国的惊雷     索取号:I712.5/JY1         预约/预借

序号 登录号 条形码 馆藏地/架位号 状态 备注
1 7856499   278564992   学院路分馆/ [索取号:I712.5/JY1] 在馆    
2 7856500   278565009   学院路分馆/ [索取号:I712.5/JY1] 在馆    
唐山师范学院图书馆 欢迎您!
大连网信软件有限公司© 版权所有